Sobre el concepto de deber jurídico (Record no. 6551)
[ view plain ]
| 000 -CABECERA | |
|---|---|
| campo de control de longitud fija | 00457cam a22001932a 4500 |
| 001 - NÚMERO DE CONTROL | |
| campo de control | 000711 |
| 003 - IDENTIFICADOR DEL NÚMERO DE CONTROL | |
| campo de control | AR-FADEU |
| 008 - DATOS DE LONGITUD FIJA--INFORMACIÓN GENERAL | |
| campo de control de longitud fija | 311216n1966####xxu####################dd |
| 092 ## - ASIGNACIÓN LOCAL DE SIGNATURA TOPOGRÁFICA DEWEY (OCLC) | |
| Número de clasificación | 340.1 |
| Número de documento/Ítem | C316so |
| 100 ## - ENTRADA PRINCIPAL--NOMBRE DE PERSONA | |
| Nombre de persona | Carrió, Genaro R. |
| 245 ## - MENCIÓN DE TÍTULO | |
| Título | Sobre el concepto de deber jurídico |
| 260 ## - PUBLICACIÓN, DISTRIBUCIÓN, ETC. (PIE DE IMPRENTA) | |
| Lugar de publicación, distribución, etc. | Buenos Aires |
| 260 ## - PUBLICACIÓN, DISTRIBUCIÓN, ETC. (PIE DE IMPRENTA) | |
| Nombre del editor, distribuidor, etc. | Abeledo-Perrot |
| 260 ## - PUBLICACIÓN, DISTRIBUCIÓN, ETC. (PIE DE IMPRENTA) | |
| Fecha de publicación, distribución, etc. | 1966 |
| 300 ## - DESCRIPCIÓN FÍSICA | |
| Extensión | 57 p |
| 440 ## - MENCIÓN DE SERIE/PUNTO DE ACCESO ADICIONAL--TÍTULO | |
| Título | Nueva teoría |
| 650 ## - PUNTO DE ACCESO ADICIONAL DE MATERIA--TÉRMINO DE MATERIA | |
| Término de materia o nombre geográfico como elemento inicial | DERECHO-FILOSOFIA |
| 942 ## - ELEMENTOS DE PUNTO DE ACCESO ADICIONAL (KOHA) | |
| Tipo de ítem Koha | BDGR |
| Estado de retiro | Estado de pérdida | Estado dañado | No para préstamo | Localización permanente | Ubicación/localización actual | Fecha de adquisición | Número de inventario | Total de préstamos | Signatura topográfica completa | Código de barras | Fecha visto por última vez | Precio válido a partir de | Tipo de ítem Koha |
|---|---|---|---|---|---|---|---|---|---|---|---|---|---|
| Biblioteca Ernesto Sabato - FADECS - UNCOMA | Biblioteca Ernesto Sabato - FADECS - UNCOMA | 20/02/2017 | 1525 | 340.1 C316so | 1525 | 20/02/2017 | 20/02/2017 | BDGR | |||||
| Biblioteca Ernesto Sabato - FADECS - UNCOMA | Biblioteca Ernesto Sabato - FADECS - UNCOMA | 20/02/2017 | 1526 | 340.1 C316so | 1526 | 20/02/2017 | 20/02/2017 | BDGR | |||||
| Biblioteca Ernesto Sabato - FADECS - UNCOMA | Biblioteca Ernesto Sabato - FADECS - UNCOMA | 20/02/2017 | 3491 | 340.1 C316so | 3491 | 20/02/2017 | 20/02/2017 | BDGR | |||||
| Biblioteca Ernesto Sabato - FADECS - UNCOMA | Biblioteca Ernesto Sabato - FADECS - UNCOMA | 20/02/2017 | 3492 | 340.1 C316so | 3492 | 20/02/2017 | 20/02/2017 | BDGR | |||||
| Biblioteca Ernesto Sabato - FADECS - UNCOMA | Biblioteca Ernesto Sabato - FADECS - UNCOMA | 20/02/2017 | 10391 | 340.1 C316so | 10391 | 20/02/2017 | 20/02/2017 | BDGR | |||||
| Biblioteca Ernesto Sabato - FADECS - UNCOMA | Biblioteca Ernesto Sabato - FADECS - UNCOMA | 20/02/2017 | 10392 | 340.1 C316so | 10392 | 20/02/2017 | 20/02/2017 | BDGR | |||||
| Biblioteca Ernesto Sabato - FADECS - UNCOMA | Biblioteca Ernesto Sabato - FADECS - UNCOMA | 20/02/2017 | 10458 | 340.1 C316so | 10458 | 20/02/2017 | 20/02/2017 | BDGR |